01342nam a2200253 a 450000100100000000500170001000800410002704000250006808200200009310000420011324500590015526000480021430000290026259000260029165000400031765000400035791000370039795201320043495201320056695201320069895201180083095201230094899900170107100003290820240409073825.0110801s1969 dr c 000 j spa d aDO-SdBNPbspacBNPHU aRD863.44bH519c1 aHenríquez de Castro, Carmita95867010aCuentos para niños /cCarmita Henríquez de Castro. aSanto Domingo :bImprenta Sánchez,c1969. a63 p. :bretr. ;c21 cm. aInventariado, 2019/BT 0aCuentos infantiles dominicanos9505 4aLiteratura infantil dominicana9441 aValidado. Control de calidad MFF 001054708DSaGRbGRcHDd2015-03-25iLF1l0oRD863.44 H519cp32908-30r2020-06-25te.3w2020-06-25yLFDSZPréstamo en sala 001054708DSaGRbGRcHDd2015-03-25iLF1l0oRD863.44 H519cp32908-40r2020-06-25te.4w2020-06-25yLFDSZPréstamo en sala 001054708DSaGRbGRcHDd2015-03-25iLF1l0oRD863.44 H519cp32908-50r2020-06-25te.5w2020-06-25yLFDSZPréstamo en sala 0010718PDaPDbPDcHDd2011-08-01iLF1l0oRD863.44 H519cp32908-10r2020-06-25w2020-06-25yLFPDZNo se presta 0010718PDaPDbPDcHDd2015-03-25iLF1l0oRD863.44 H519cp32908-20r2020-06-25te.2w2020-06-25yLFPDZNo se presta c32399d32399